UBT Library

Reinventing anthropology, (Record no. 42278)

000 -LEADER
fixed length control field 00587cam a2200241 4500
001 - CONTROL NUMBER
control field 4559342
005 - DATE AND TIME OF LATEST TRANSACTION
control field 20180212032034.0
008 - FIXED-LENGTH DATA ELEMENTS--GENERAL INFORMATION
fixed length control field 730316t19741972nyu b 001 0 eng
010 ## - LIBRARY OF CONGRESS CONTROL NUMBER
LC control number 73004512
020 ## - INTERNATIONAL STANDARD BOOK NUMBER
International Standard Book Number 0394719530
040 ## - CATALOGING SOURCE
Original cataloging agency DLC
Transcribing agency DLC
Modifying agency DLC
041 ## - LANGUAGE CODE
Language code of text/sound track or separate title eng
043 ## - GEOGRAPHIC AREA CODE
Geographic area code n-us---
080 ## - UNIVERSAL DECIMAL CLASSIFICATION NUMBER
Universal Decimal Classification number 301.2 HYM
082 00 - DEWEY DECIMAL CLASSIFICATION NUMBER
Classification number 301.2 HYM
100 1# - Rafti
Rafti 24
101 ## - Shkurtesa
Shkurtesa ANT
245 10 - TITLE STATEMENT
Title Reinventing anthropology,
Statement of responsibility, etc edited by Dell Hymes.
350 ## - PRICE (NR) (BK AM CF MU VM SE) [OBSOLETE]
Price $2.95
504 ## - BIBLIOGRAPHY, ETC. NOTE
Bibliography, etc Includes bibliographies.
906 ## - LOCAL DATA ELEMENT F, LDF (RLIN)
a 7
b cbc
c orignew
d 1
e ocip
f 19
g y-gencatlg
942 ## - ADDED ENTRY ELEMENTS (KOHA)
Source of classification or shelving scheme
Item type Books
Holdings
Withdrawn status Lost status Source of classification or shelving scheme Damaged status Not for loan Collection code Permanent location Current location Shelving location Date acquired Total Checkouts Full call number Barcode Date last seen Price effective from Koha item type
          Koleksioni i përgjithshem UBT - Lipjan UBT - Lipjan Koleksioni i përgjithshem 02/12/2018   301.2 HYM 002-2998676 02/12/2018 02/12/2018 Books
UBT Library © 2015-2024. All rights reserved University Education for Business and Technology